Logo BPK

Biblioteka

Politechniki Koszalińskiej

Denotacyjny opis języków programowania / (Rekord nr 22585)

Szczegóły MARC
000 -ETYKIETA REKORDU
podpole kontrolne o stałej długości 00793nam a2200217 i 4500
001 - NUMER KONTROLNY REKORDU
pole kontrolne bg
020 ## - MIĘDZYNARODOWY ZNORMALIZOWANY NUMER KSIĄŻKI - ISBN
ISBN 8320405580
040 ## - ŹRÓDŁO KATALOGOWANIA
Instytucja, która utworzyła rekord BPK
041 ## - KOD JĘZYKA
Kod języka tekstu pol
080 ## - UNIWERSALNA KLASYFIKACJA DZIESIĘTNA - UKD
UKD 519.682:519.7:801.54
920 ## - Międzynarodowy znormalizowany numer książki – ISBN
ISBN 83-204-0558-0
008 - POLE O STAŁEJ DŁUGOŚCI - DANE KONTROLNE
podpole kontrolne o stałej długości s pl f |000 0 pol
100 1# - NAZWA OSOBOWA
Nazwa osobowa GORDON, Michael J. C.
245 #0 - TYTUŁ/ODPOWIEDZIALNOŚĆ
Tytuł Denotacyjny opis języków programowania /
Pozostałe elementy strefy tytułu i oznaczenia odpowiedzialności Michael J. C. Gordon ; z ang. przeł. Andrzej Tarlecki.
260 ## - STREFA ADRESU WYDAWNICZEGO
Miejsce wydania Warszawa :
Nazwa wydawcy/dystrybutora Wydawnictwa Naukowo-Techniczne,
Data publikacji, dystrybucji/powstania dokumentu 1983.
300 ## - STREFA OPISU FIZYCZNEGO
Objętość 209, [3] s. :
Inne cechy fizyczne rys. ;
Rozmiary 24 cm.
490 1# - STREFA SERII I DOKUMENTU WIELOCZĘŚCIOWEGO - FORMA NIE DO WYSZUKIWANIA
Tytuł i oznaczenie odpowiedzialności serii Biblioteka Inżynierii Oprogramowania
500 ## - UWAGI OGÓLNE
Tekst uwagi Wyd. pol. uzup. dodatkiem pt. Zarys teorii równań stałopunktowych semantyki denotacyjnej / napicanym przez A. J. Bliklego.
830 ## - HASŁO DODATKOWE SERII LUB DOKUMENTU WIELOCZĘŚCIOWEGO - TYTUŁ UJEDNOLICONY
Tytuł ujednolicony Biblioteka Inżynierii Oprogramowania
856 ## - LOKALIZACJA I DOSTĘP DO ELEKTRONICZNYCH DOKUMENTÓW ZDALNYCH
Link (URL) http://koha.tu.koszalin.pl/cgi-bin/koha/opac-detail.pl?biblionumber=22585
Tekst linku Katalog online BPK
942 ## - DODATKOWE ELEMENTY (KOHA)
Typ dokumentu Książka
Egzemplarze
Wycofany Status egzemplarza Uszkodzony Dostępność Lokalizacja stała Lokalizacja bieżąca Miejsce przechowywania Sygnatura Kod kreskowy Typ dokumentu
      Dostępny Biblioteka Politechniki Koszalińskiej Biblioteka Politechniki Koszalińskiej Wypożyczalnia BG 31732 01920246 Książka
      Dostępny Biblioteka Politechniki Koszalińskiej Biblioteka Politechniki Koszalińskiej Wypożyczalnia BG 31733 01561753 Książka
© 2023 Biblioteka Politechniki Koszalińskiej :: KOHA